000 00660nam a2200265Ia 4500
001 592
005 20240113233420.0
007 ta
008 050120s1969 a g b000 u ben u
020 _cHB
040 _aRef. stack
041 _aben
082 _a745.3
_bRu 937 Ho
100 _aRutt, Anna Hong .
245 0 _aHome furnishing /
_cAnna Hong Rutt.
_hTextual Documents
250 _a2nd ed /
260 _aNew Delhi :
_bWiley eastern private limited ,
_c1969.
300 _a508p. :
_bill ;
_c22cm .
653 _aHome decoration
653 _aT/G- Fine Arts
942 _2ddc
_cBK
999 _c590
_d590